Thilakante arangu/ (Record no. 143118)

000 -LEADER
fixed length control field 00487nam a22001697a 4500
020 ## - INTERNATIONAL STANDARD BOOK NUMBER
International Standard Book Number 97893888807098
082 ## - DEWEY DECIMAL CLASSIFICATION NUMBER
Classification number M803
Item number REJ/T
100 ## - MAIN ENTRY--PERSONAL NAME
Personal name Reji T Thomas
9 (RLIN) 180129
245 ## - TITLE STATEMENT
Title Thilakante arangu/
Statement of responsibility, etc. by Reji T Thomas
260 ## - PUBLICATION, DISTRIBUTION, ETC.
Place of publication, distribution, etc. Kottayam:
Name of publisher, distributor, etc. Sahithya Pravarthaka Co-operative Society,
Date of publication, distribution, etc. 2019.
300 ## - PHYSICAL DESCRIPTION
Extent 95p.
650 ## - SUBJECT ADDED ENTRY--TOPICAL TERM
Topical term or geographic name entry element Memoirs Thilakan
9 (RLIN) 180130
650 ## - SUBJECT ADDED ENTRY--TOPICAL TERM
Topical term or geographic name entry element Memoirs Malayalam
9 (RLIN) 180131
650 ## - SUBJECT ADDED ENTRY--TOPICAL TERM
Topical term or geographic name entry element Literature Malayalam
9 (RLIN) 180132
650 ## - SUBJECT ADDED ENTRY--TOPICAL TERM
Topical term or geographic name entry element Literature
9 (RLIN) 180133
942 ## - ADDED ENTRY ELEMENTS (KOHA)
Koha item type Book
Holdings
Withdrawn status Lost status Damaged status Not for loan Permanent Location Current Location Shelving location Date acquired Cost, normal purchase price Total Checkouts Full call number Barcode Date last seen Price effective from Koha item type
        Sree Sankaracharya University of Sanskrit Sree Sankaracharya University of Sanskrit Stacks 04.10.2019 100.00   M803 REJ/T 096540 04.10.2019 04.10.2019 Book